| 000 | 00778nam a2200217Ia 4500 | ||
|---|---|---|---|
| 003 | GCL | ||
| 008 | 140319s9999 xx 000 0 ara d | ||
| 040 |
_aGCL / _cGCL |
||
| 082 | 0 | 4 |
_a305.4209174927 _bم م |
| 100 | 1 | _aمريم سليم | |
| 245 | 1 | 0 |
_aالمرأة العربية بين نقل الواقع وتطلعات التحرر / _cمريم سليم |
| 700 | 1 | _aعبدالقادر عرابى | |
| 250 | _aالاولى | ||
| 260 |
_aبيروت : _bمركز دراسات الوحدة العربية ، _c1999 |
||
| 300 |
_a259 ص ؛ _c24 سم |
||
| 490 |
_aسلسلة كتب المستقبل العربى _v15 |
||
| 650 | 0 | 4 | _aحقوق المرأة |
| 650 | 0 | 4 | _aالمرأة العربية |
| 650 | 0 | 4 | _aالمرأة - رعاية اجتماعية |
| 942 |
_2ddc _cBK |
||
| 999 |
_c3984 _d3984 |
||